Top 10 Cleanest Countries - Statistics

General Stats
  • This quiz has been taken 106 times
  • The average score is 7 of 10
Answer Stats
EPI Score Answer % Correct
80.51 Sweden
86%
81.6 Denmark
83%
78.64 Finland
82%
87.42 Switzerland
74%
78.77 Ireland
73%
79.89 United Kingdom
73%
83.95 France
67%
78.97 Austria
64%
79.12 Luxembourg
58%
80.9 Malta
24%
No matching quizzes found
Score Distribution
Percent of People with Each Score
Percentile by Number Answered
Your Score History
You have not taken this quiz